| 000 | 00000nam 2200000za 4500 |
| 001 | 9.846655 |
| 003 | CaOODSP |
| 005 | 20221107153245 |
| 007 | cr ||||||||||| |
| 008 | 171106s1995 oncd #o f000 0 fre d |
| 020 | |z0-662-99464-7 |
| 040 | |aCaOODSP|bfre |
| 043 | |an-cn-mb |
| 086 | 1 |aA42-55/1994F-PDF|zA42-55/1994F |
| 100 | 1 |aBootsma, A. |
| 245 | 10|aTendances climatiques à long terme pour l'agriculture à Brandon, (Manitoba) |h[ressource électronique] / |cA. Bootsma, D. Anderson, et D. Chaput. |
| 260 | |aOttawa : |bAgriculture et Agroalimentaire Canada, Direction générale de la recherche, |cc1995. |
| 300 | |a4 p. : |bchartes |
| 490 | 1 |aCRTRB contribution ; |vno. 94-85 |
| 500 | |aPubl. aussi en anglais sous le titre : Long-term climatic trends for agriculture at Brandon, Manitoba. |
| 500 | |aTitre de départ. |
| 500 | |aÉdition numérisée de l’imprimé [par Agriculture et Agroalimentaire Canada]. |
| 504 | |aComprend des réf. bibliogr. |
| 520 | |a« Cette publication présente les changements et les fluctuations climatiques observés pendant une période de 1010 ans à Brandon (Manitoba) au Canada ... L'examen des tendances observées pendant cette période aidera à déterminer s'il se produit des changements climatiques influençant de manière important la production de récoltes dans la région de Brandon »-- p. 1. |
| 692 | 07|2gccst|aAgriculture |
| 692 | 07|2gccst|aChangement climatique |
| 700 | 1 |aAnderson, D. |
| 700 | 1 |aChaput D. |
| 710 | 1 |aCanada. |bAgriculture et agroalimentaire Canada. |bDirection générale de la recherche. |
| 710 | 2 |aCentre de recherches sur les terres et les ressources biologiques (Canada) |
| 775 | 08|tLong-term climatic trends for agriculture at Brandon, Manitoba |w(CaOODSP)9.846651 |
| 776 | 0#|tTendances climatiques à long terme pour l'agriculture à Brandon (Manitoba) / |w(CaOODSP)9.622941 |
| 830 | #0|aCRTRB contribution ;|vno. 94-85|w(CaOODSP)9.846666 |
| 856 | 40|qPDF|s348 KB|uhttps://publications.gc.ca/collections/collection_2017/aac-aafc/A42-55-1994-fra.pdf |